000 00388nam a22001457a 4500
005 20230116100200.0
008 230116b |||||||| |||| 00| 0 eng d
040 _c##$aRTC$cRTC
082 _a005.52
245 _aBIM 101 :
_bCoursepack
260 _aThimphu :
_bRoyal Thimphu College,
_c2019
300 _a112 p.
_c30cm
500 _aXerographic copy in a binder.
942 _2ddc
_cCE TEXBOOK
999 _c9222
_d9223